| 000 | 00876nam a2200193 i 4500 | ||
|---|---|---|---|
| 001 | 121931 | ||
| 003 | ES-MaACL | ||
| 005 | 20230906191853.0 | ||
| 007 | t| | ||
| 008 | 070214s1929 sp |||| | spa d | ||
| 080 | _a338.43 | ||
| 100 | 1 |
_aPoch Noguer, José. _992696 |
|
| 245 | 1 | 0 |
_aFormulario práctico de agricultura y sus industrias _b: colección de procedimientos, reglas y fórmulas para la práctica de la agricultura y sus industrias sin previos conocimientos técnicos y sin emplear aparatos especiales ni complicados / _cpor José Poch Noguer. |
| 260 |
_aMadrid : _bBailly-Bailliere, _c1929. |
||
| 300 |
_a3 v. ; _c18 x 12 cm. |
||
| 505 | 8 |
_aContiene: I ; _tIndustrias químico-agrícolas - II ; _tExplotaciones agrícolas en pleno campo - III ; _tExplotaciones de cuadra y de corral |
|
| 650 | 0 | 4 |
_aIndustria agrícola. _913717 |
| 852 |
_aES-MaACL _jB-2797-99 |
||
| 999 |
_c121931 _d121931 |
||